01354nam a2200313 a 4500001000200000003000400002005001700006008003200023020001500055040002400070082002600094100003000120245018300150260005200333300002100385500007000406504007500476650002900551650003400580650002100614650003400635651008600669651003800755651006900793700004400862700004200906700004000948710005200988 OSt20220519114720.0090626s2006 dr 000 0 spa d a9993486671 aBPMSU bspacBPMSU  a327.1bB742t 20062221 a Bosch, Juan, d1909-200110aTemas internacionales :bensayos y artículos. /cJuan Bosch ; compilador y editor Miguel Collado ; presentación Diómedes Núñez Polanco ; prólogo Pablo A. Maríñez. aSanto Domingo :bFundación Juan Bosch,c2006. a633 p. ;c23 cm. aIncluye datos biográficos del autor en la solapa de la cubierta aIncluye referencias bibliográficas y notas al pie de las páginas. 4aPolítica internacional 4aImperialismozEstados Unidos. 4aConflicto armado 4aPolítica mundial.ySiglo XX 4aRepública DominicanaxRelaciones Internacionales vEnsayos, conferencias, etc.. 4aRepública DominicanaxHistoria  4aArtículos de prensazRepública Dominicanav Colecciones .x 1 aCollado, Miguel A.,d1954-ecompilador 1 aNúñez Polanco, Diómedes,b1952-1 aMaríñez., Pablo A.,eprólogo 2 aFundación Juan Bosch (República Dominicana)